Твердофазно-спектрофотометрическое определение палладия (II) с использованием 1-(2-пиридилазо)-2-нафтола, иммобилизованного в полиметакрилатную матрицу; Известия Томского политехнического университета [Известия ТПУ]; Т. 321, № 3 : Химия
| Parent link: | Известия Томского политехнического университета [Известия ТПУ]/ Томский политехнический университет (ТПУ).— , 2000- Т. 321, № 3 : Химия.— 2012.— [С. 96-100] |
|---|---|
| Autore principale: | |
| Altri autori: | |
| Riassunto: | Заглавие с титульного листа Электронная версия печатной публикации Исследовано взаимодействие палладия (II) с 1-(2-пиридилазо)-2-нафтолом, иммобилизованным в полиметакрилатную матрицу. Найдены оптимальные условия взаимодействия металла, извлеченного из раствора матрицей, с реагентом в твердой фазе, оптические характеристики комплекса. Показана возможность твердофазно-спектрофотометрического определения палладия (II). Предел обнаружения, рассчитанный по 3σ-критерию, составил 0,06 мг/л, диапазон определяемых концентраций 0,1…1,0 мг/л при объеме анализируемого раствора 50 мл. |
| Lingua: | russo |
| Pubblicazione: |
2012
|
| Serie: | Химия |
| Soggetti: | |
| Accesso online: | http://earchive.tpu.ru/bitstream/11683/4412/1/bulletin_tpu-2012-321-3-20.pdf |
| Natura: | Elettronico Capitolo di libro |
| KOHA link: | https://koha.lib.tpu.ru/cgi-bin/koha/opac-detail.pl?biblionumber=227926 |
MARC
| LEADER | 00000nla2a2200000 4500 | ||
|---|---|---|---|
| 001 | 227926 | ||
| 005 | 20231221103814.0 | ||
| 035 | |a (RuTPU)RU\TPU\book\248373 | ||
| 035 | |a RU\TPU\book\248370 | ||
| 090 | |a 227926 | ||
| 100 | |a 20121212d2012 k y0rusy50 ca | ||
| 101 | 0 | |a rus | |
| 102 | |a RU | ||
| 135 | |a drnn ---uucaa | ||
| 181 | 0 | |a i | |
| 182 | 0 | |a b | |
| 200 | 1 | |a Твердофазно-спектрофотометрическое определение палладия (II) с использованием 1-(2-пиридилазо)-2-нафтола, иммобилизованного в полиметакрилатную матрицу |f Н. В. Саранчина, Н. А. Гавриленко | |
| 203 | |a Текст |c электронный | ||
| 215 | |a 1 файл (196 Кб) | ||
| 225 | 1 | |a Химия | |
| 300 | |a Заглавие с титульного листа | ||
| 300 | |a Электронная версия печатной публикации | ||
| 320 | |a [Библиогр.: с. 99-100 (10 назв.)] | ||
| 330 | |a Исследовано взаимодействие палладия (II) с 1-(2-пиридилазо)-2-нафтолом, иммобилизованным в полиметакрилатную матрицу. Найдены оптимальные условия взаимодействия металла, извлеченного из раствора матрицей, с реагентом в твердой фазе, оптические характеристики комплекса. Показана возможность твердофазно-спектрофотометрического определения палладия (II). Предел обнаружения, рассчитанный по 3σ-критерию, составил 0,06 мг/л, диапазон определяемых концентраций 0,1…1,0 мг/л при объеме анализируемого раствора 50 мл. | ||
| 337 | |a Adobe Reader | ||
| 461 | 1 | |0 (RuTPU)RU\TPU\book\176237 |t Известия Томского политехнического университета [Известия ТПУ] |f Томский политехнический университет (ТПУ) |d 2000- | |
| 463 | 1 | |0 (RuTPU)RU\TPU\book\247844 |x 1684-8519 |t Т. 321, № 3 : Химия |v [С. 96-100] |d 2012 |p 210 с. | |
| 610 | 1 | |a палладий | |
| 610 | 1 | |a полиметакрилатные матрицы | |
| 610 | 1 | |a нафтолы | |
| 610 | 1 | |a твердофазная спектрофотометрия | |
| 610 | 1 | |a труды учёных ТПУ | |
| 610 | 1 | |a электронный ресурс | |
| 700 | 1 | |a Саранчина |b Н. В. |c химик |c доцент Томского политехнического университета, кандидат химических наук |f 1982- |g Надежда Васильевна |3 (RuTPU)RU\TPU\pers\30194 |9 14588 | |
| 701 | 1 | |a Гавриленко |b Н. А. |c российский химик |c доцент Томского политехнического университета, кандидат химических наук |f 1970- |g Наталия Айратовна |3 (RuTPU)RU\TPU\pers\26438 | |
| 801 | 1 | |a RU |b 63413507 |c 20090623 |g PSBO | |
| 801 | 2 | |a RU |b 63413507 |c 20220114 |g PSBO | |
| 856 | 4 | |u http://earchive.tpu.ru/bitstream/11683/4412/1/bulletin_tpu-2012-321-3-20.pdf | |
| 942 | |c CF | ||